Statistics for Guess All of My Friends (Current and Old

Click here to take the quiz!

General Stats

  • This quiz has been taken 5 times
    (3 since last reset)
  • The average score is 7 of 21

Answer Stats

Name% Correct
Emily
67%
Gavin
67%
Michael
67%
Tyson
67%
Blake
33%
Caleb
33%
Derrick
33%
Jahmir
33%
Jamaal
33%
Johlil
33%
Kristian
33%
Patrick
33%
Riley
33%
Roman
33%
Santiago
33%
Tyler
33%
Yadirah
33%
Arstalon
0%
Danny
0%
Jared
0%
Julian
0%

Score Distribution

Percentile by Number Answered

Percent of People with Each Score

Your Score History

You have not taken this quiz since the last reset